01363nab a22002657a 4500003000400000005001700004008004100021040000700062100002100069245005800090260007300148300001500221500003500236505025100271505019000522505008100712650001800793650004000811650001700851650001300868650001900881650001500900650002800915773015400943OSt20260203103813.0190429b xxu||||| |||| 00| 0 spa d cPJ aSotile, Patricia10aNo fue grooming, fue abuso sexual /cPatricia Sotile. cCiudad Autónoma de Buenos Aires :aThomson Reuters La Ley, b2023. ap. 159-172 aCita Online: AR/DOC/2398/2023. aSumario: I. Introducción. Hechos que motivaron el cambio de calificación legal.— II. ¿Qué es el delito de grooming y por qué no procede su calificación legal en el caso?— III. Abuso sexual coactivo.— IV. Consideraciones finales.  aFallo comentado: TS Córdoba, sala penal ~ 19/05/2023 ~ B., M. A. S. y otro (S., M. R.) s/ p.ss.aa homicidio calificado —reenvío de la Corte Suprema de Justicia de la Nación—. tSi te interesa el texto completo, solicitalo a koha@justierradelfuego.gov.ar 0aDERECHO PENAL 0aDELITOS CONTRA LA INTEGRIDAD SEXUAL 0aABUSO SEXUAL 0aGROOMING 0aREDES SOCIALES 0aTIPO PENAL 0aPERSPECTIVA DE GÉNERO0 02658tRevista de derecho penal y criminología. Nº 11 - Diciembre 2023dCiudad Autónoma de Buenos Aires : Thomson Reuters La Ley, 2017-x00347914